Advanced plant Physiology

Gespeichert in:
Bibliographische Detailangaben
Format: Buch
Sprache:Undetermined
Veröffentlicht: Mansfield, Massachusetts Pitman 1984
Schlagworte:
Tags: Tag hinzufügen
Keine Tags, Fügen Sie den ersten Tag hinzu!
Thư viện lưu trữ: Trung tâm Học liệu Trường Đại học Cần Thơ
LEADER 00416nam a2200157Ia 4500
001 CTU_43978
008 210402s9999 xx 000 0 und d
082 |a 581.1 
082 |b A244 
245 0 |a Advanced plant Physiology 
260 |a Mansfield, Massachusetts 
260 |b Pitman 
260 |c 1984 
650 |a Plant physiology 
904 |i Minh, 011017 
980 |a Trung tâm Học liệu Trường Đại học Cần Thơ